000 00754nam a22001817a 4500
999 _c371821
_d371821
008 201127b ||||| |||| 00| 0 eng d
040 _aDE-2950
_bger
_cDE-2950
_erda
041 _ager
245 _aRätselraten um die Sterberate.
_cDietrich Schröder
_bUmweltkatastrophe. Die Giftwelle in der Oder beschäftigt den Brandenburger Landtag. In der Sondersitzung wurden zum Teil schockierende neue Erkenntnisse deutlich/
264 _c2022
653 _aFrankfurt (Oder)
653 _aFischsterben
773 _dFrankfurt (Oder) Märkisches Verlags- und Druckhaus GmbH & Co KG
_tMärkische Oderzeitung
_g33. Jahrgang (2022) Nr. 197 vom 24.08.2022, S. 19, mit Bild
942 _cA